Management History : Text and Cases (Record no. 88003)

MARC details
000 -LEADER
fixed length control field 00497nam a2200205Ia 4500
008 - FIXED-LENGTH DATA ELEMENTS--GENERAL INFORMATION
fixed length control field 230125s9999 xx 000 0 und d
020 ## - INTERNATIONAL STANDARD BOOK NUMBER
International Standard Book Number 978-0-415-96335-0
041 ## - LANGUAGE CODE
Language code of text/sound track or separate title eng
082 ## - DEWEY DECIMAL CLASSIFICATION NUMBER
Classification number 658
Item number WIT
100 ## - MAIN ENTRY--PERSONAL NAME
Personal name Witzel M
9 (RLIN) 111101
245 ## - TITLE STATEMENT
Title Management History : Text and Cases
250 ## - EDITION STATEMENT
Edition statement 1st Ed.
260 ## - PUBLICATION, DISTRIBUTION, ETC. (IMPRINT)
Date of publication, distribution, etc. 2009
Name of publisher, distributor, etc. Routledge
Place of publication, distribution, etc. London
300 ## - PHYSICAL DESCRIPTION
Extent 462p
500 ## - GENERAL NOTE
Keywords Management
650 ## - SUBJECT ADDED ENTRY--TOPICAL TERM
Topical term or geographic name as entry element Management
700 ## - ADDED ENTRY--PERSONAL NAME
Personal name Witzel M
9 (RLIN) 111101
906 ## - LOCAL DATA ELEMENT F, LDF (RLIN)
b 582
Holdings
Withdrawn status Lost status Source of classification or shelving scheme Damaged status Not for loan Home library Current library Date acquired Vendor Cost, normal purchase price Bill number Full call number Barcode Date last seen Cost, replacement price Bill Date Koha item type Original Barcode
    Dewey Decimal Classification   Reference Smt. Hiraben Nanavati Institute of Management & Research for Women Smt. Hiraben Nanavati Institute of Management & Research for Women 17/02/2010 Forward Books 2911.00 3615 658 WIT B08402 HIMR-BK-8402 25/01/2023 2329.00 15/02/2010 Books B08402